Heat pumps (Record no. 38863)

MARC details
000 -LEADER
fixed length control field 00245nam a2200109Ia 4500
082 ## - DEWEY DECIMAL CLASSIFICATION NUMBER
Classification number 697.1
Item number HEA
100 ## - MAIN ENTRY--AUTHOR NAME
Personal name Heap, R D
245 #0 - TITLE STATEMENT
Title Heat pumps
260 ## - PUBLICATION, DISTRIBUTION, ETC. (IMPRINT)
Place of publication London
Name of publisher E & F N
Year of publication 1979
942 ## - ADDED ENTRY ELEMENTS (KOHA)
Koha item type Books
Holdings
Withdrawn status Lost status Damaged status Not for loan Home library Current library Date acquired Cost, normal purchase price Full call number Accession Number Koha item type
        RRII Library RRII Library 16/12/2021 7.50 697.1 HEA 19214 Books